| 000 | 00583nam a2200205 a 4500 | ||
|---|---|---|---|
| 005 | 20240911064019.0 | ||
| 008 | 040923s2003 mx r 000 0 spa d | ||
| 020 | _a9505575599 | ||
| 035 | _aUPN01000134819 | ||
| 049 | _aCG | ||
| 050 | 4 |
_aTP248.195 A4.4 _bT3.2 |
|
| 100 | 1 | _aTambornini, Ezequiel | |
| 245 | 1 | 0 |
_aBiotecnología : _bla otra guerra / _cEzequiel Tambornini. |
| 260 |
_aBuenos Aires : _bFCE, _c2003. |
||
| 300 | _a139 p. | ||
| 440 | 0 |
_aPopular ; _v636. _pBreves |
|
| 650 | 4 |
_aBIOTECNOLOGIA - _zAMERICA LATINA _95162 |
|
| 650 | 2 |
_aBiotecnología _95161 |
|
| 905 | _aLibro | ||
| 999 |
_c106970 _d106970 |
||